|
|
|
|
| LEADER |
00000naa0a2200000 4500 |
| 001 |
647611 |
| 005 |
20250214100213.0 |
| 035 |
|
|
|a (RuTPU)RU\TPU\network\12757
|
| 035 |
|
|
|a RU\TPU\network\12752
|
| 090 |
|
|
|a 647611
|
| 100 |
|
|
|a 20160418d2011 k||y0rusy50 ca
|
| 101 |
0 |
|
|a rus
|
| 102 |
|
|
|a RU
|
| 135 |
|
|
|a drgn ---uucaa
|
| 181 |
|
0 |
|a i
|
| 182 |
|
0 |
|a b
|
| 200 |
1 |
|
|a Физико-химические свойства адсорбирующей повязки на основе нанографита - залог эффективности в лечении сочетанных огнестрельных костно-сосудистых повреждений конечностей
|f А. В. Штейнле [и др.]
|
| 203 |
|
|
|a Текст
|c электронный
|
| 225 |
1 |
|
|a Тезисы докладов конференции: "Гипоксия: механизмы, адаптация, коррекция"
|
| 300 |
|
|
|a Заглавие с экрана
|
| 461 |
|
|
|t Патогенез
|o научно-практический журнал
|d 2002-
|
| 463 |
|
|
|t Т. 9, № 3
|v [С. 72]
|d 2011
|
| 610 |
1 |
|
|a электронный ресурс
|
| 610 |
1 |
|
|a труды учёных ТПУ
|
| 610 |
1 |
|
|a перевязочные материалы
|
| 610 |
1 |
|
|a абсорбирующие повязки
|
| 610 |
1 |
|
|a наноструктурированный графит
|
| 701 |
|
1 |
|a Штейнле
|b А. В.
|c специалист в области медицинских технологий
|c доцент Томского политехнического университета
|c доцент Сибирского государственного медицинского университета, кандидат медицинских наук
|f 1967-
|g Александр Владимирович
|3 (RuTPU)RU\TPU\pers\30034
|9 14468
|
| 701 |
|
1 |
|a Мазин
|b В. И.
|
| 701 |
|
1 |
|a Кобзарь
|b Ю. Ф.
|g Юрий Федорович
|
| 701 |
|
1 |
|a Хасанов
|b О. Л.
|c физик, специалист в области наноматериалов
|c профессор Томского политехнического университета, доктор технических наук
|c директор Нано-Центра ТПУ, заведующий кафедрой наноматериалов и нанотехнологий
|f 1958-
|g Олег Леонидович
|3 (RuTPU)RU\TPU\pers\26436
|9 12140
|
| 701 |
|
1 |
|a Филимонов
|b В. Д.
|c химик
|c профессор Томского политехнического университета, доктор химических наук
|f 1945-
|g Виктор Дмитриевич
|3 (RuTPU)RU\TPU\pers\12908
|9 3693
|
| 701 |
|
1 |
|a Постников
|b П. С.
|c химик-органик
|c доцент Томского политехнического университета, кандидат химических наук
|f 1984-
|g Павел Сергеевич
|3 (RuTPU)RU\TPU\pers\27922
|9 12925
|
| 701 |
|
1 |
|a Рязанцева
|b Н. В.
|g Наталья Владимировна
|
| 701 |
|
1 |
|a Солодкова
|b Т. В.
|g Татьяна Владимировна
|
| 712 |
0 |
2 |
|a Национальный исследовательский Томский политехнический университет
|b Институт неразрушающего контроля
|b Кафедра экологии и безопасности жизнедеятельности
|3 (RuTPU)RU\TPU\col\18720
|9 27170
|
| 801 |
|
2 |
|a RU
|b 63413507
|c 20160418
|g RCR
|
| 856 |
4 |
|
|u http://www.niiopp.ru/netcat_files/197/120/h_cf03346f42299d54264ca55c378f127e#page=58
|
| 942 |
|
|
|c CF
|